| 000 | 00880cab a2200253 4500 | ||
|---|---|---|---|
| 001 | WB2707-39 | ||
| 008 | 090401t1991 xxu||||| |||| 00| 0 eng d | ||
| 035 | _a(Sirsi) u8724 | ||
| 041 | _aeng | ||
| 245 | _aSelling off the ports | ||
| 260 | _c1991 | ||
| 350 | _a0 | ||
| 490 |
_aTimes _v9/2/91 p4 |
||
| 490 |
_aFinancial Times _v12/2/91 p23 (2) |
||
| 520 | _aLooks at Government plans to sell off some public-sector ports if the Ports Bill goes through Parliament and the implications for future development following privatisation. P&O has announced its intention to bid for Dover to offset the effects of the ChannelTunnel on its ferry operations. | ||
| 650 | _aDEREGULATION | ||
| 650 | _aPRIVATISATON | ||
| 650 | _aTEES AND HARTLEPOOL | ||
| 650 | _aTILBURY | ||
| 650 | _aTRUST PORTS | ||
| 690 | _aTRANSPORT AND COMMUNICATIONS | ||
| 942 | _n0 | ||
| 948 | _c04/03/1997 | ||
| 999 |
_c5411 _d5411 |
||